They Might Be Giants: Albums by Cover - Statistics

General Stats
  • This quiz has been taken 12 times
  • The average score is 13 of 18
Answer Stats
Picture Hint Answer % Correct
1990 Flood
100%
1986 They Might Be Giants
100%
1992 Apollo 18
91%
1988 Lincoln
91%
2013 Nanobots
91%
1996 Factory Showroom
82%
1994 John Henry
82%
2001 Mink Car
82%
2015 Glean
73%
2007 The Else
73%
2004 The Spine
73%
2011 Join Us
64%
1999 Long Tall Weekend
64%
2021 Book
55%
2018 I Like Fun
55%
2016 Phone Power
55%
2018 My Murdered Remains
36%
2018 The Escape Team
36%
No matching quizzes found
Score Distribution
Percent of People with Each Score
Percentile by Number Answered
Your Score History
You have not taken this quiz